Score 0/50 Timer 05:00
0 Plays Today
Hint 4-Letter Word % Correct
Birthday present, e.g.GIFT
95.2%
Elevator in UKLIFT
94.5%
Respiratory organ of a fishGILL
93.9%
Large farm buildingBARN
93.5%
★ 1989 Nominee: [Rung 17] on the Fourth of ____JULY
93.2%
★ 1989 Nominee: ____ on the Fourth of [Rung 28] ★BORN
91.6%
★ 1988 Nominee: Working ____GIRL
91.5%
★ 1989 Nominee: ____ Poets Society ★DEAD
90.6%
Smallest of the litterRUNT
90.5%
The greatest amountMOST
89.1%
Defensive ditch around a castleMOAT
89.1%
Garland, Blume, or TenutaJUDY
88.5%
Animal flesh as foodMEAT
87.9%
What won't gather on rolling stonesMOSS
87.9%
★★ 1989 Best Picture: Driving ____ Daisy ★★MISS
87.4%
★★ 1987 Best Picture: The ____ Emperor ★★LAST
86.9%
In close proximityNEAR
86.4%
Fermented beverage made of water and honeyMEAD
86.2%
Dirty, untidy conditionMESS
85.8%
Cryptid monster's loch homeNESS
85.6%
★★ 1988 Best Picture: ____ Man ★★RAIN
84.7%
To have encircled with a beltGIRT
84.7%
Steel bar of a train trackRAIL
84.7%
Regarded with deep affectionDEAR
84.5%
Tidy, uncluttered conditionNEAT
84.4%
Hint 4-Letter Word % Correct
___ la vie! ('That's life')C'EST
80.6%
Mitt Romney's Capital companyBAIN
80.3%
★ 1987 Nominee: ____struck ★MOON
79.8%
Penultimate book of the BibleJUDE
78.8%
Small salamander cousinNEWT
78%
Candid Camera's AllenFUNT
78%
Bold, impudent behaviorGALL
77.6%
Dan Blocker's Bonanza characterHOSS
77.6%
★ 1989 Nominee: My ____ [Rung 21] ★LEFT
77.4%
Flexible water conduitHOSE
77.3%
Something helpful or beneficialBOON
77.2%
Exercise power and authorityRULE
76.4%
City dweller on a ranchDUDE
76.3%
Devers, Sheehy, or GoodrichGAIL
76.3%
Arial, Tahoma, or VerdanaFONT
75.2%
★ 1987 Nominee: Broad[Rung 2] ____NEWS
75.1%
★ 1987 Nominee: Broad____ [Rung 47]★CAST
75%
Obedient, orderlyRULY
74.7%
Letter of an ancient Germanic alphabetRUNE
73.4%
★ 1989 Nominee: My [Rung 5] ____FOOT
72.8%
Cautionary conjunctionLEST
72.7%
Subject to debate, or uncertaintyMOOT
71%
★ 1987 Nominee: ____ and Glory ★HOPE
68.9%
Illegal drugDOPE
68.3%
To deceive, hoodwinkDUPE
67.3%

Today's Daily Dose

Missing Word
Rihanna (A-Z)

Get the Picture
Laker Big Men

Remove Ads.
Support Sporcle.
Get the best of Sporcle when you Go Orange. This ad-free experience offers more features, more stats, and more fun while also helping to support Sporcle. Thank you for becoming a member.

You're not logged in!

Compare scores with friends on all Sporcle quizzes.
OR
Log In

Sporcle TV

Today on Sporcle TV


Watch our educational content, quiz creation guides, and fun videos on Sporcle TV.

Show Comments

Extras

Top Quizzes Today


Score Distribution

Paid Content

Your Account Isn't Verified!

In order to create a playlist on Sporcle, you need to verify the email address you used during registration. Go to your Sporcle Settings to finish the process.

Report this User

Report this user for behavior that violates our Community Guidelines.

Details: